000
00306nam a2200109Ia 4500
008
160531s9999 xx 000 0 und d
100
_a
Bananej, Alireza.
245
_a
Photonic Crystals
245
_c
by Alireza Bananej (ed.)
260
_c
2015
856
_u
http://www.intechopen.com/books/photonic-crystals
999
_c
295186
_d
295186